| 000 | 00358 a2200145 4500 | ||
|---|---|---|---|
| 001 | 168476 | ||
| 020 | _a | ||
| 040 | _cMagnum | ||
| 100 | _aSouza, Solange Jobim e | ||
| 240 | 1 | 0 |
_aInfancia e linguagem: bakhtin, vygotsky e benjamin _lpor |
| 245 | 1 | 0 | _aInfancia e linguagem: bakhtin, vygotsky e benjamin |
| 362 | 0 | _a1899 | |
| 697 | _aENSINO | ||
| 942 | _cBK | ||
| 999 |
_c168476 _d168476 |
||